[Event "Grand Rapids (MI Am/1/21)"]
[Site "?"]
[Date "1995.??.??"]
[Round "?"]
[White "Fuson, R."]
[Black "Brooks, Brion"]
[Result "1-0"]
[WhiteElo "1605"]
[BlackElo "1730"]
[PlyCount "117"]
[EventDate "1995.??.??"]

{1/(21)} 1. d4 Nf6 2. Nf3 e6 3. Bf4 b6 4. e3 Bb7 5. c4 Bb4+ 6. Nc3 Ne4 7. Qd3
O-O 8. Be2 f5 9. a3 Be7 10. d5 Nc5 11. Qd1 g5 12. Be5 d6 13. Bd4 e5 14. Bxc5
bxc5 15. Qc2 Nd7 16. O-O-O Bc8 17. e4 f4 18. g3 g4 19. Nd2 f3 20. Bf1 Bg5 21.
h3 Nf6 22. Kb1 h5 23. hxg4 hxg4 24. Bd3 Bd7 25. Rh2 Kg7 26. Rdh1 Qe7 27. Nf1
Rh8 28. Nd1 Rxh2 29. Rxh2 Rh8 30. Rxh8 Kxh8 31. Nde3 Qe8 32. Nf5 Ba4 33. b3 Qb8
34. Kb2 a5 35. Qc3 Bd7 36. Ne7 a4 37. Bc2 axb3 38. Qxb3 Qxb3+ 39. Kxb3 Kg7 40.
a4 Kf7 41. Nc6 Bc8 42. a5 Ke8 43. Ka4 Kd7 44. Nb8+ Kd8 45. a6 Nd7 46. Nxd7
Bxd7+ 47. Ka5 Kc8 48. Ba4 Bxa4 49. Kxa4 c6 50. dxc6 Kc7 51. Kb5 Kb8 52. Kb6
Bd8+ 53. Kb5 Bg5 54. Nh2 Bd2 55. Nxg4 Be1 56. Kb6 d5 57. cxd5 c4 58. c7+ Kc8
59. a7 1-0

[Event "Lansing (Mini-Swiss.1/1)"]
[Site "?"]
[Date "1995.??.??"]
[Round "?"]
[White "Fuller, William"]
[Black "Williams, Ken"]
[Result "0-1"]
[WhiteElo "2070"]
[BlackElo "1905"]
[PlyCount "86"]
[EventDate "1995.??.??"]

{1/(1)} 1. e4 c5 2. c3 Nf6 3. e5 Nd5 4. d4 cxd4 5. Nf3 e6 6. cxd4 b6 7. Nc3
Nxc3 8. bxc3 Bb7 9. Bd3 Nc6 10. O-O d6 11. d5 exd5 12. exd6 Bxd6 13. Re1+ Kf8
14. Ng5 h6 15. Qh5 Qd7 16. Bd2 Ne5 17. Rxe5 Bxe5 18. Re1 Bf6 19. Bb5 g6 20. Qf3
Qf5 21. Qxf5 gxf5 22. Nf3 a6 23. Bd7 Kg7 24. Nd4 Bxd4 25. cxd4 Rad8 26. Bxf5
Bc8 27. Bd3 Be6 28. Bf4 Rhe8 29. Bxa6 Ra8 30. Bb5 Bd7 31. Be5+ Rxe5 32. Rxe5
Bxb5 33. Rxd5 Rxa2 34. f4 Rxg2+ 35. Kh1 Rb2 36. Rd6 Bc4 37. h4 b5 38. h5 Rd2
39. f5 b4 40. f6+ Kh7 41. Rb6 b3 42. Kg1 b2 43. d5 Rd1+ 0-1

[Event "East Lansing (MI Op/6/11)"]
[Site "?"]
[Date "1995.??.??"]
[Round "?"]
[White "Fuller, William"]
[Black "Walker, Douglas"]
[Result "1-0"]
[WhiteElo "2075"]
[BlackElo "1885"]
[PlyCount "115"]
[EventDate "1995.??.??"]

{6/(11)} 1. d4 Nf6 2. c4 g6 3. Nc3 Bg7 4. e4 d6 5. f4 O-O 6. Nf3 Bg4 7. e5 dxe5
8. fxe5 Nfd7 9. c5 Nc6 10. Be2 Bxf3 11. Bxf3 e6 12. O-O Rb8 13. Ne4 h6 14. Be3
Ne7 15. Ng3 Nd5 16. Qb3 Nxe3 17. Qxe3 Qe7 18. Rae1 Kh7 19. Bd1 Rbe8 20. Bc2 f5
21. exf6 Nxf6 22. Qd3 Kh8 23. Qxg6 Qf7 24. Qd3 Qg8 25. Qg6 Nd5 26. Rxf8 Rxf8
27. Kh1 Nf4 28. Qe4 c6 29. Rf1 Nd5 30. Rxf8 Bxf8 31. Nh5 Qf7 32. h3 Be7 33.
Qe5+ Kg8 34. Qg3+ Kh8 35. Bg6 Qf8 36. Be4 Bg5 37. Qe5+ Nf6 38. Nf4 Bxf4 39.
Qxf4 Qg7 40. Qe5 Qg5 41. Qb8+ Qg8 42. Qxg8+ Kxg8 43. Bf3 Kg7 44. Kh2 Kg6 45. g4
Nd7 46. b4 a6 47. Kg3 Nf6 48. Kf4 Nd5+ 49. Bxd5 exd5 50. h4 Kf6 51. a4 Ke6 52.
g5 hxg5+ 53. hxg5 Ke7 54. Kf5 Kf7 55. g6+ Kg7 56. Kg5 Kg8 57. Kf6 Kf8 58. a5
1-0

[Event "Troy (US Am N/2/4)"]
[Site "?"]
[Date "1995.??.??"]
[Round "?"]
[White "Fuller, William"]
[Black "Rosenberg, Steve"]
[Result "1-0"]
[WhiteElo "2100"]
[BlackElo "1740"]
[PlyCount "96"]
[EventDate "1995.??.??"]

{2/(4)} 1. e4 Nf6 2. e5 Nd5 3. d4 d6 4. c4 Nb6 5. exd6 exd6 6. Nf3 Nc6 7. Be3
d5 8. c5 Nd7 9. Bb5 Nf6 10. Ne5 Bd7 11. Nxd7 Qxd7 12. Nc3 Be7 13. O-O O-O 14.
Rc1 a6 15. Ba4 b5 16. cxb6 cxb6 17. Nxd5 Qxd5 18. Bxc6 Qxa2 19. Bxa8 Rxa8 20.
Qc2 Qd5 21. Qc6 Qxc6 22. Rxc6 Rb8 23. Bf4 Rd8 24. Rxb6 Rxd4 25. Be5 Rd5 26.
Rb8+ Rd8 27. Rxd8+ Bxd8 28. Rc1 Kf8 29. Rc8 Ke8 30. Ra8 a5 31. Bc7 Kd7 32. Bxd8
Ne4 33. Bxa5 Ke6 34. Re8+ Kf5 35. Rxe4 Kxe4 36. b4 Kd5 37. b5 Kc5 38. b6 Kc6
39. f4 f6 40. Kf2 g5 41. fxg5 fxg5 42. g4 h5 43. gxh5 g4 44. h6 g3+ 45. hxg3
Kb5 46. h7 Kc6 47. h8=Q Kd7 48. Qg7+ Ke6 1-0

[Event "East Lansing (MEX/2/8)"]
[Site "?"]
[Date "1995.??.??"]
[Round "?"]
[White "Fuller, William"]
[Black "O'Donnell, Robert"]
[Result "0-1"]
[WhiteElo "2000"]
[BlackElo "2250"]
[PlyCount "130"]
[EventDate "1995.??.??"]

{2/(8)} 1. d4 Nf6 2. Nf3 e6 3. Bg5 d5 4. e3 Be7 5. Nbd2 Nbd7 6. Bd3 c5 7. c3 b6
8. O-O O-O 9. Ne5 Nxe5 10. dxe5 Nd7 11. Bxe7 Qxe7 12. f4 Bb7 13. Qh5 g6 14. Qh6
f5 15. exf6 Nxf6 16. h3 Qg7 17. Qg5 Rad8 18. Nf3 Nd7 19. Rae1 Qf6 20. Qg4 e5
21. Ng5 e4 22. Bb5 Nb8 23. Qh4 Qe7 24. Qh6 Bc8 25. Be2 Qg7 26. Qxg7+ Kxg7 27.
Bg4 Rd6 28. Rd1 Bf5 29. Bxf5 gxf5 30. h4 h6 31. Nh3 Kf6 32. Nf2 Rg8 33. Kh2 Ke6
34. Rg1 h5 35. Nh3 Nd7 36. Ng5+ Ke7 37. Kg3 b5 38. Rd2 Nf6 39. Kf2 Rg7 40. Rgd1
Rg8 41. b3 Rgd8 42. Ke2 R8d7 43. Ra1 Ra6 44. Nh3 Ra3 45. Nf2 a5 46. Nd1 Ke6 47.
Nb2 Rg7 48. Kd1 a4 49. bxa4 bxa4 50. Kc2 Nd7 51. Nc4 dxc4 52. Kb2 Rg3 53. Re1
Rb3+ 54. axb3 cxb3 55. Ka3 Nb6 56. Rde2 Kd5 57. Rd1+ Kc4 58. Rf2 Nd5 59. Rxd5
Kxd5 60. Kxa4 Kc4 61. Rb2 Rg8 62. Ka5 Kxc3 63. Rb1 Kc2 64. Rg1 b2 65. g4 Rxg4
0-1

[Event "Troy (US Am N/4/3)"]
[Site "?"]
[Date "1995.??.??"]
[Round "?"]
[White "Fuller, William"]
[Black "Lubben, Don"]
[Result "1/2-1/2"]
[WhiteElo "2100"]
[BlackElo "1745"]
[PlyCount "142"]
[EventDate "1995.??.??"]

{4/(3)} 1. e4 d6 2. d4 Nf6 3. Nc3 g6 4. Nf3 Bg7 5. Be2 O-O 6. O-O c5 7. d5 e6
8. Bg5 e5 9. Qd2 a6 10. a4 Qc7 11. h3 h5 12. Bh6 Nh7 13. Nh4 Qe7 14. g3 Bxh3
15. Kh2 Bxf1 16. Rxf1 Bxh6 17. Qxh6 Qg5 18. Qxg5 Nxg5 19. f4 Nh7 20. fxe5 dxe5
21. g4 hxg4 22. Bxg4 b6 23. Ng2 Ra7 24. Ne3 Kg7 25. Nc4 Nd7 26. Bxd7 Rxd7 27.
Nxe5 Rb7 28. Nc4 f6 29. Kg3 Ng5 30. Ra1 Nf7 31. Ne2 Ne5 32. Ne3 Rh8 33. Nf4 Kg8
34. Ng4 Nxg4 35. Kxg4 Kf7 36. Ne6 Re7 37. a5 Rh2 38. axb6 Rxc2 39. Ra2 Rc4 40.
Rxa6 Rxe4+ 41. Kf3 Rb4 42. Nxc5 Rxb2 43. d6 Re8 44. Ra7+ Kg8 45. d7 Rd8 46. Ne6
Rxd7 47. Rxd7 Rxb6 48. Nf4 f5 49. Nd5 Re6 50. Kf4 Kf8 51. Kg5 Ke8 52. Rh7 Kd8
53. Nf4 Rc6 54. Rg7 Kc8 55. Nxg6 Rc7 56. Rg8+ Kb7 57. Kxf5 Rc5+ 58. Ne5 Rc8 59.
Rg6 Rf8+ 60. Ke4 Rc8 61. Kd5 Rd8+ 62. Kc5 Rc8+ 63. Kb5 Rc1 64. Nc4 Kc7 65. Rg7+
Kd8 66. Kc5 Ke8 67. Kd5 Rd1+ 68. Ke6 Re1+ 69. Ne5 Kf8 70. Ra7 Rd1 71. Nd3 Rxd3
1/2-1/2

[Event "Troy (US Am N/6/2)"]
[Site "?"]
[Date "1995.??.??"]
[Round "?"]
[White "Fuller, William"]
[Black "Jarosz, Stan"]
[Result "1-0"]
[WhiteElo "2100"]
[BlackElo "2015"]
[PlyCount "27"]
[EventDate "1995.??.??"]

{6/(2)} 1. d4 d5 2. Nf3 Nf6 3. Bg5 Bf5 4. Nbd2 Nbd7 5. c3 c6 6. Nh4 Bg6 7. e3
Qb6 8. Nxg6 hxg6 9. Rb1 e6 10. b4 a6 11. Nb3 Ne4 12. Qg4 Nxc3 13. Bd3 Nxb1 14.
Qxe6+ 1-0

[Event "Lansing (Mini-Swiss.1/3)"]
[Site "?"]
[Date "1995.??.??"]
[Round "?"]
[White "Fuller, William"]
[Black "Evans Sr., Thomas"]
[Result "1-0"]
[WhiteElo "2070"]
[BlackElo "1940"]
[PlyCount "93"]
[EventDate "1995.??.??"]

{1/(3)} 1. e4 e6 2. d4 d5 3. e5 c5 4. dxc5 Bxc5 5. Qg4 g6 6. b4 Be7 7. Nf3 f5
8. Qd4 Nc6 9. Bb5 a5 10. Bxc6+ bxc6 11. bxa5 Qxa5+ 12. Bd2 Qa6 13. Bb4 Bxb4+
14. Qxb4 Qa5 15. c3 Qxb4 16. cxb4 Ba6 17. Nd4 Kd7 18. Nd2 Ne7 19. N2b3 Rhb8 20.
Nc5+ Kc8 21. a3 Bc4 22. Kd2 g5 23. h4 g4 24. h5 h6 25. f4 Ra7 26. Kc3 Rba8 27.
a4 Bb5 28. a5 Bc4 29. Ndxe6 Bb5 30. Nd4 Bc4 31. Na4 Rb8 32. Nb6+ Kd8 33. Nxc4
dxc4 34. Kxc4 Nd5 35. Nxc6+ Kc7 36. Kxd5 Rb5+ 37. Kc4 Kxc6 38. Rhd1 Rab7 39.
Rab1 Kc7 40. a6 R7b6 41. a7 Kb7 42. Rd7+ Ka8 43. e6 Rxb4+ 44. Rxb4 Rxb4+ 45.
Kxb4 g3 46. Rd8+ Kxa7 47. e7 1-0

[Event "East Lansing (MI Op/1a/11)"]
[Site "?"]
[Date "1995.??.??"]
[Round "?"]
[White "Fuller, William"]
[Black "Comstock, Ron"]
[Result "1-0"]
[WhiteElo "2075"]
[BlackElo "1880"]
[PlyCount "101"]
[EventDate "1995.??.??"]

1. d4 d5 2. c4 c6 3. Nc3 e5 4. cxd5 cxd5 5. e4 dxe4 6. d5 Nf6 7. Bg5 Be7 8.
Bxf6 Bxf6 9. Nxe4 O-O 10. Bd3 Nd7 11. Nf3 Nb6 12. Nc3 Bg4 13. h3 Bh5 14. g4 Bg6
15. Bxg6 hxg6 16. Qb3 e4 17. Nxe4 Re8 18. Nfd2 Qxd5 19. Qxd5 Nxd5 20. O-O-O
Rac8+ 21. Kb1 Rc6 22. Nxf6+ Nxf6 23. Nf3 Rec8 24. Rhe1 Rc2 25. Rd8+ Rxd8 26.
Kxc2 Kf8 27. Ne5 Nd5 28. Re4 g5 29. Nf3 f6 30. Nd4 Re8 31. Rxe8+ Kxe8 32. Nb5
Nf4 33. Kd2 Nxh3 34. Ke3 Kd7 35. Nxa7 g6 36. Nb5 Kc6 37. Nd4+ Kd5 38. Ne2 f5
39. f3 Ke5 40. b4 Nf4 41. Nc3 Nd5+ 42. Nxd5 Kxd5 43. Kd3 b5 44. Kc3 Kc6 45. Kb3
Kb6 46. a4 bxa4+ 47. Kxa4 Ka6 48. Kb3 Kb5 49. Kc3 Kb6 50. Kc4 Kc6 51. Kd4 1-0

[Event "East Lansing (MI Op/4/12)"]
[Site "?"]
[Date "1995.??.??"]
[Round "?"]
[White "Fuller, William"]
[Black "Calton, David A"]
[Result "1-0"]
[WhiteElo "2075"]
[BlackElo "1900"]
[PlyCount "81"]
[EventDate "1995.??.??"]

{4/(12)} 1. d4 d5 2. Nf3 Nf6 3. c4 Bf5 4. Nc3 e6 5. Bg5 c6 6. e3 Bd6 7. Nh4 Bg6
8. Nxg6 hxg6 9. a3 Be7 10. Rc1 Nbd7 11. cxd5 exd5 12. Bd3 Qc7 13. Bf4 Bd6 14.
Nb5 Qa5+ 15. b4 Bxb4+ 16. axb4 Qxb4+ 17. Nc3 Nh5 18. O-O Nxf4 19. exf4 Qxd4 20.
Qe2+ Kf8 21. Rfe1 Nf6 22. Qe7+ Kg8 23. Qxb7 Rf8 24. Bf1 Qxf4 25. g3 Qh6 26. h3
g5 27. Qxc6 g4 28. Nxd5 Nxd5 29. Qxd5 gxh3 30. Kh2 Qf6 31. Rc2 Rd8 32. Qe4 g6
33. Qe7 Qd4 34. Qe3 Qf6 35. Qxa7 Rh5 36. Qe7 Qd4 37. Bxh3 Rdd5 38. Rc8+ Kg7 39.
Qf8+ Kf6 40. Rc6+ Kg5 41. f4+ 1-0

[Event "Grand Rapids (MI Am/4/14)"]
[Site "?"]
[Date "1995.??.??"]
[Round "?"]
[White "Friedland, J."]
[Black "Smalec, John"]
[Result "0-1"]
[WhiteElo "1605"]
[BlackElo "1760"]
[PlyCount "84"]
[EventDate "1995.??.??"]

{4/(14)} 1. e4 e6 2. Nf3 d5 3. exd5 exd5 4. d4 c5 5. c3 Nc6 6. Bb5 Nf6 7. O-O
Bd6 8. Bg5 h6 9. Bh4 O-O 10. Re1 Bg4 11. Bxc6 bxc6 12. Nbd2 Rb8 13. Rb1 Bf5 14.
Ra1 Rxb2 15. Qc1 Rb7 16. Nb3 c4 17. Nc5 Bxc5 18. dxc5 Re7 19. Nd4 Rxe1+ 20.
Qxe1 Re8 21. Qd2 Bd7 22. Rb1 Qe7 23. f3 g5 24. Bg3 Qxc5 25. Bf2 Qd6 26. Bg3 Qe7
27. Rb7 Qe3+ 28. Qxe3 Rxe3 29. Rxa7 c5 30. Nc2 Rxc3 31. Be5 Rxc2 32. Bxf6 Be6
33. Kf1 c3 34. Ra3 d4 35. Ke1 Rxg2 36. h4 gxh4 37. Bxh4 c2 38. Kf1 Bh3 39. f4
c1=Q+ 40. Be1 Qxf4+ 41. Rf3 Qxf3+ 42. Bf2 Qxf2# 0-1

[Event "Grand Rapids (MI Am/3/30)"]
[Site "?"]
[Date "1995.??.??"]
[Round "?"]
[White "Friedland, J."]
[Black "Laurin, Edward"]
[Result "1-0"]
[WhiteElo "1605"]
[BlackElo "1605"]
[PlyCount "41"]
[EventDate "1995.??.??"]

{3/(30)} 1. e4 e5 2. Nf3 Nc6 3. d4 exd4 4. Nxd4 Nf6 5. Nc3 Bb4 6. Nxc6 dxc6 7.
Qxd8+ Kxd8 8. Bd3 Re8 9. f3 Nd5 10. Bd2 Bxc3 11. bxc3 f5 12. O-O fxe4 13. Bxe4
Nf6 14. Bd3 h6 15. Rfd1 g5 16. c4 g4 17. Bc3 Rf8 18. Bb4 Rf7 19. Bc3 gxf3 20.
Bg6+ Rd7 21. Bxf6# 1-0

[Event "Grand Rapids (MI Am/1/43)"]
[Site "?"]
[Date "1995.??.??"]
[Round "?"]
[White "Friedland, J."]
[Black "Hammond, M."]
[Result "0-1"]
[WhiteElo "1605"]
[BlackElo "1605"]
[PlyCount "106"]
[EventDate "1995.??.??"]

{1/(43)} 1. e4 c5 2. Nf3 Nc6 3. d4 cxd4 4. Nxd4 e5 5. Nf5 d6 6. Nc3 Bxf5 7.
exf5 Nf6 8. Bg5 Be7 9. Bd3 O-O 10. O-O Nb4 11. Bxf6 Bxf6 12. Be4 Nc6 13. Nb5
Be7 14. f6 Bxf6 15. Nxd6 Rb8 16. Bd5 Nd4 17. Bxf7+ Rxf7 18. Nxf7 Kxf7 19. f4 e4
20. Qh5+ Kg8 21. Rad1 Qb6 22. Qd5+ Qe6 23. Rxd4 Bxd4+ 24. Qxd4 Qxa2 25. Qe5 Rd8
26. Qxe4 Qxb2 27. Re1 Qd4+ 28. Qxd4 Rxd4 29. g3 Rd2 30. Re7 Rxc2 31. Rxb7 a5
32. Rb1 Ra2 33. Rb7 h6 34. f5 a4 35. Ra7 a3 36. g4 Kf8 37. Kf1 Rxh2 38. Rxa3
Kf7 39. Rg3 Kf6 40. Kg1 Ra2 41. Rg2 Ra4 42. Kh2 Kg5 43. Kh3 Ra3+ 44. Rg3 Ra1
45. Kg2 Kf4 46. Kh2 Rh1+ 47. Kg2 Rg1+ 48. Kxg1 Kxg3 49. g5 hxg5 50. Kh1 Kf2 51.
Kh2 g4 52. Kh1 g3 53. f6 g2+ 0-1

[Event "Lansing (Mini-Swiss.3/2)"]
[Site "?"]
[Date "1995.??.??"]
[Round "?"]
[White "Fredenburg, Jeff"]
[Black "Stadler, J."]
[Result "1-0"]
[WhiteElo "1605"]
[BlackElo "1605"]
[PlyCount "49"]
[EventDate "1995.??.??"]

{3/(2)} 1. d4 d5 2. g3 Nf6 3. Bg2 c6 4. Nc3 Bf5 5. f3 e6 6. a3 Be7 7. b4 O-O 8.
h4 h6 9. Be3 Nbd7 10. Qd2 Nb6 11. Bxh6 Qd6 12. Bf4 Qd8 13. Qd1 Nc4 14. g4 Nxg4
15. fxg4 Bxh4+ 16. Kf1 Bg3 17. Bc1 Bxg4 18. Nf3 Qf6 19. Qd3 Bf5 20. e4 Bg6 21.
Bg5 dxe4 22. Nxe4 Bxe4 23. Qxe4 Nd2+ 24. Bxd2 Rad8 25. Qh7# 1-0

[Event "Lansing (Mini-Swiss.3/3)"]
[Site "?"]
[Date "1995.??.??"]
[Round "?"]
[White "Fredenburg, Jeff"]
[Black "Sellers, Matt"]
[Result "1-0"]
[WhiteElo "1605"]
[BlackElo "1605"]
[PlyCount "125"]
[EventDate "1995.??.??"]

{3/(3)} 1. d4 d5 2. Nc3 Nf6 3. e3 e6 4. h3 Bb4 5. a3 Bd6 6. b4 a6 7. Rb1 O-O 8.
g4 Re8 9. Bg2 c6 10. g5 Nfd7 11. h4 e5 12. Nge2 Nb6 13. Ng3 Nc4 14. O-O e4 15.
Ncxe4 dxe4 16. Nxe4 Bc7 17. Qf3 Nd7 18. Rd1 Ndb6 19. Nc3 Be6 20. d5 Bxd5 21.
Nxd5 Nxd5 22. Rxd5 cxd5 23. Qxd5 Qxd5 24. Bxd5 Nd6 25. c4 Kf8 26. c5 Nb5 27.
Bxb7 Rad8 28. Bf3 Nc3 29. Rb2 Nd1 30. Rd2 Rxd2 31. Bxd2 Nb2 32. Bc3 Nc4 33. a4
Be5 34. Be1 Nb2 35. a5 Rd8 36. Be2 Nd3 37. Bxd3 Rxd3 38. Kf1 Bc3 39. Ke2 Bxe1
40. Kxd3 Bxf2 41. h5 Ke7 42. Kd4 f6 43. gxf6+ Kxf6 44. b5 axb5 45. a6 Bg3 46.
a7 Be5+ 47. Kd3 b4 48. a8=Q b3 49. Qb7 b2 50. c6 g5 51. hxg6 hxg6 52. c7 Bxc7
53. Qxb2+ Be5 54. Qb6+ Kf5 55. e4+ Kg4 56. Qb5 Kf4 57. Qe8 g5 58. Qf7+ Kg4 59.
Qf5+ Kh4 60. Qxe5 g4 61. Qg7 g3 62. Ke3 Kh3 63. Kf3 1-0

[Event "East Lansing (Class DE/1/10)"]
[Site "?"]
[Date "1995.??.??"]
[Round "?"]
[White "Fredenburg, Jeff"]
[Black "Mitchell, Dave"]
[Result "1-0"]
[WhiteElo "1605"]
[BlackElo "1605"]
[PlyCount "89"]
[EventDate "1995.??.??"]

{1/(10)} 1. d4 d5 2. c4 c6 3. Nf3 Nf6 4. Nc3 dxc4 5. a4 Bg4 6. e3 e6 7. Bxc4
Bb4 8. Be2 Nbd7 9. O-O O-O 10. Qb3 Bxc3 11. bxc3 Ne4 12. h3 Bh5 13. Re1 c5 14.
Nd2 Bg6 15. Bf3 Nxd2 16. Bxd2 Rb8 17. Qb5 a6 18. Qb2 Qb6 19. Qxb6 Nxb6 20. Be2
Rfd8 21. Bc1 Nd5 22. Bb2 cxd4 23. cxd4 Rbc8 24. Rec1 Rxc1+ 25. Rxc1 Nb4 26. Rc7
Rb8 27. Ba3 Nd5 28. Rc1 b5 29. axb5 axb5 30. Bxb5 h6 31. Bc6 Rb3 32. Bc5 Nc3
33. Bf3 Rb1 34. Rxb1 Nxb1 35. Kf1 Nd2+ 36. Ke2 Ne4 37. g3 e5 38. Bg2 Bh5+ 39.
g4 Bg6 40. f3 Nxc5 41. dxc5 Kf8 42. f4 e4 43. f5 Bh7 44. Bxe4 Ke8 45. Bd5 1-0

[Event "East Lansing (Class DE/5/5)"]
[Site "?"]
[Date "1995.??.??"]
[Round "?"]
[White "Fredenburg, Jeff"]
[Black "McMahan, M."]
[Result "1-0"]
[WhiteElo "1605"]
[BlackElo "1605"]
[PlyCount "115"]
[EventDate "1995.??.??"]

{5/(5)} 1. d4 d5 2. c4 c6 3. Nf3 Bg4 4. Qb3 e6 5. cxd5 cxd5 6. Qxb7 Nd7 7. Nbd2
Bd6 8. e3 Ngf6 9. Bb5 O-O 10. Bxd7 Nxd7 11. O-O Qe7 12. Qb3 Bb4 13. a3 Bxd2 14.
Nxd2 Qg5 15. Kh1 Nf6 16. Qd3 Bf5 17. Qe2 Qg6 18. Re1 Rfc8 19. Nf3 Bd3 20. Qd1
Ne4 21. Kg1 Nf6 22. Ne5 Qf5 23. Qxd3 Qg5 24. Nf3 Qh6 25. e4 Qg6 26. Ne5 Qh5 27.
Qe2 Qxe2 28. Rxe2 Nxe4 29. f3 Nd6 30. Be3 f6 31. Nd3 Nf5 32. Kf2 Kf7 33. Rc1
Rxc1 34. Nxc1 Rc8 35. Nd3 Re8 36. Bf4 Nxd4 37. Re1 e5 38. Be3 Nc2 39. Rc1 Nxe3
40. Kxe3 d4+ 41. Ke4 Kg6 42. g4 Rf8 43. Rc6 h6 44. Nxe5+ Kh7 45. Nd3 Re8+ 46.
Kxd4 Re2 47. h4 Re7 48. Ra6 g5 49. hxg5 fxg5 50. Ne5 Rb7 51. Kd5 Rxb2 52. Rxa7+
Kg8 53. Ke6 Rb6+ 54. Kf5 Rd6 55. a4 Kf8 56. a5 Ke8 57. a6 Rb6 58. Rh7 1-0

[Event "East Lansing (Class DE/3/4)"]
[Site "?"]
[Date "1995.??.??"]
[Round "?"]
[White "Fredenburg, Jeff"]
[Black "Hartwig, Thomas"]
[Result "1-0"]
[WhiteElo "1605"]
[BlackElo "1605"]
[PlyCount "53"]
[EventDate "1995.??.??"]

{3/(4)} 1. d4 Nf6 2. c4 e6 3. Nc3 Bb4 4. Qc2 d5 5. cxd5 exd5 6. Bg5 c6 7. a3
Nbd7 8. axb4 O-O 9. e3 Qb6 10. Bxf6 Nxf6 11. Qa4 Bd7 12. Qa5 Ne4 13. Nxe4 dxe4
14. Bc4 Bg4 15. Ne2 c5 16. Qxb6 axb6 17. Rxa8 Rxa8 18. O-O cxb4 19. Nf4 g5 20.
Nd5 Rc8 21. Ne7+ Kg7 22. Nxc8 Bxc8 23. Ra1 Bd7 24. Ra7 Bc6 25. d5 Bd7 26. Rxb7
b5 27. Bxb5 1-0

[Event "Eastpointe (MCO/3/26)"]
[Site "?"]
[Date "1995.??.??"]
[Round "?"]
[White "Frantz, John W"]
[Black "Moore, Robert"]
[Result "0-1"]
[WhiteElo "1605"]
[BlackElo "1705"]
[PlyCount "90"]
[EventDate "1995.??.??"]

{3/(26)} 1. b4 Nf6 2. c4 d6 3. b5 g6 4. Bb2 Bg7 5. g3 O-O 6. Bg2 Nbd7 7. Nf3 a6
8. a4 axb5 9. axb5 Rxa1 10. Bxa1 c6 11. Nc3 cxb5 12. Nxb5 Nb6 13. d3 Bd7 14.
Nfd4 e5 15. Nxd6 exd4 16. Nxb7 Qc7 17. Bxd4 Bc6 18. Bxc6 Qxc6 19. O-O Qxb7 20.
Qb3 Nfd7 21. Be3 Qc6 22. Rc1 Rb8 23. f3 Na4 24. Qa3 Bb2 25. Qe7 Bxc1 26. Bxc1
Qe6 27. Qa3 Ndc5 28. Kf2 Re8 29. e4 Qb6 30. Be3 Qb3 31. Bxc5 Qxa3 32. Bxa3 Rb8
33. d4 Rb3 34. Bd6 Rd3 35. d5 Rc3 36. c5 Nxc5 37. Bxc5 Rxc5 38. Ke3 Rc3+ 39.
Kf4 f6 40. h4 Kf7 41. g4 h6 42. h5 g5+ 43. Kg3 Ke7 44. Kf2 Kd6 45. Ke2 Ke5 0-1

[Event "Eastpointe (MCO/6/31)"]
[Site "?"]
[Date "1995.??.??"]
[Round "?"]
[White "Frantz, John W"]
[Black "Felton, H."]
[Result "1/2-1/2"]
[WhiteElo "1605"]
[BlackElo "1605"]
[PlyCount "132"]
[EventDate "1995.??.??"]

{6/(31)} 1. b4 e5 2. Ba3 Nf6 3. c4 d6 4. Nc3 Be6 5. e3 Nbd7 6. h3 Be7 7. Nf3
O-O 8. Be2 h6 9. O-O c6 10. e4 d5 11. exd5 cxd5 12. d4 e4 13. Ne5 Rc8 14. c5 a6
15. Bb2 Re8 16. a4 Qc7 17. Ng4 Rcd8 18. Ne3 Nb8 19. Qb3 Nc6 20. Rfd1 Bf8 21. a5
Ne7 22. b5 Rb8 23. Rdc1 Red8 24. Ba3 Qc8 25. Bb4 Qc7 26. Rc2 Qd7 27. Rac1 Rbc8
28. bxa6 bxa6 29. Bxa6 Rb8 30. Be2 Nf5 31. Nxf5 Bxf5 32. g4 Bxg4 33. hxg4 Nxg4
34. Bxg4 Qxg4+ 35. Kf1 Qh3+ 36. Ke1 Qh1+ 37. Kd2 Qh3 38. Rb1 Be7 39. Nd1 Bg5+
40. Ne3 f5 41. Rc3 Qg2 42. Ke2 Qf3+ 43. Ke1 Qh1+ 44. Nf1 f4 45. Kd2 Rb7 46. Kc2
Re7 47. Kb2 e3 48. Nxe3 Qh2 49. Nxd5 Re2+ 50. Ka3 Kh7 51. c6 Qxf2 52. c7 Rc8
53. Nb6 Rxc7 54. Rxc7 Qxd4 55. Rd1 Qe5 56. Qd3+ Re4 57. Re7 Bxe7 58. Bxe7 Qxe7+
59. Kb3 Qe6+ 60. Kc2 Qa2+ 61. Kc1 Qa1+ 62. Kd2 Qb2+ 63. Qc2 Qd4+ 64. Kc1 Qa1+
65. Qb1 Qc3+ 66. Qc2 Qa1+ 1/2-1/2

[Event "Eastpointe (MCO/2/28)"]
[Site "?"]
[Date "1995.??.??"]
[Round "?"]
[White "Frantz, John W"]
[Black "Carvell, John"]
[Result "1-0"]
[WhiteElo "1605"]
[BlackElo "1610"]
[PlyCount "53"]
[EventDate "1995.??.??"]

{2/(28)} 1. b4 e5 2. b5 d5 3. e3 Nf6 4. c4 Bb4 5. Qa4 Bc5 6. Ba3 Nbd7 7. Ne2
Nb6 8. Qc2 Bxa3 9. Nxa3 O-O 10. d4 exd4 11. exd4 Qe7 12. c5 Nbd7 13. Qb3 Re8
14. Nc2 Nf8 15. h3 Ng6 16. Ne3 c6 17. a4 Bd7 18. O-O-O Ne4 19. Re1 Nxf2 20. Ng3
Nxh1 21. Nxh1 b6 22. Qc3 bxc5 23. dxc5 cxb5 24. axb5 Bc8 25. Kb2 a5 26. Nf5
Qxe1 27. Qxg7# 1-0

[Event "Eastpointe (MCO/3/18)"]
[Site "?"]
[Date "1995.??.??"]
[Round "?"]
[White "Franke, R."]
[Black "Wright, Walter"]
[Result "1-0"]
[WhiteElo "1860"]
[BlackElo "1605"]
[PlyCount "77"]
[EventDate "1995.??.??"]

{3/(18)} 1. d4 Nf6 2. c4 g6 3. Nc3 Bg7 4. e4 d6 5. Nf3 Bg4 6. Be2 Nbd7 7. O-O
O-O 8. h3 Bxf3 9. Bxf3 c5 10. Be3 cxd4 11. Bxd4 Rc8 12. b3 a6 13. Rc1 Qa5 14.
Re1 Ne5 15. Qe2 Nfd7 16. Red1 Nxf3+ 17. Qxf3 Ne5 18. Qe2 Nc6 19. Bxg7 Kxg7 20.
g3 h5 21. Kg2 f5 22. Rd5 Qa3 23. Rcd1 f4 24. Nb1 Qb4 25. f3 fxg3 26. Kxg3 Ne5
27. f4 Nf7 28. Qe3 b6 29. a3 Qc5 30. Rxc5 Rxc5 31. Nc3 e6 32. Na4 h4+ 33. Kh2
Rh5 34. Nxb6 g5 35. Rg1 Kh7 36. fxg5 Kg6 37. Nd7 Rd8 38. Nf6 Nxg5 39. Nxh5 1-0

[Event "Eastpointe (EDO/5/2)"]
[Site "?"]
[Date "1995.??.??"]
[Round "?"]
[White "Franke, R."]
[Black "Thompson, Dexter"]
[Result "0-1"]
[WhiteElo "1830"]
[BlackElo "2210"]
[PlyCount "40"]
[EventDate "1995.??.??"]

{5/(2)} 1. d4 Nf6 2. c4 e5 3. dxe5 Ng4 4. Nf3 Nc6 5. Nc3 Bc5 6. e3 Ngxe5 7. Be2
d6 8. a3 a5 9. O-O O-O 10. b3 Nxf3+ 11. Bxf3 Ne5 12. Bb2 Bf5 13. Bxb7 Rb8 14.
Be4 Bg4 15. Qc2 f5 16. Bd5+ Kh8 17. Kh1 c6 18. Bf3 Nxf3 19. gxf3 Bxf3+ 20. Kg1
Qg5# 0-1

[Event "Eastpointe (EDO/1/5)"]
[Site "?"]
[Date "1995.??.??"]
[Round "?"]
[White "Franke, R."]
[Black "McFolley, John"]
[Result "1-0"]
[WhiteElo "1830"]
[BlackElo "1605"]
[PlyCount "57"]
[EventDate "1995.??.??"]

{1/(5)} 1. d4 Nf6 2. c4 e6 3. Nc3 Bb4 4. Qc2 Bxc3+ 5. Qxc3 Ne4 6. Qc2 d5 7. Nf3
b6 8. e3 Nd7 9. cxd5 exd5 10. Be2 O-O 11. Qc6 Rb8 12. Qxd5 Bb7 13. Qc4 c5 14.
b3 cxd4 15. Qxd4 Rc8 16. O-O Nc3 17. Bc4 Bxf3 18. gxf3 Rc6 19. Bd3 Qg5+ 20. Kh1
Qc5 21. Qg4 Qe5 22. Rg1 Nc5 23. Qf5 Nxd3 24. Qxd3 Ne2 25. Qxe2 Qxa1 26. Bb2
Qxg1+ 27. Kxg1 Rg6+ 28. Kh1 Rd8 29. Ba3 {[Remainder illegible; 1-0, 60?]} 1-0

[Event "Eastpointe (EDO/3/3)"]
[Site "?"]
[Date "1995.??.??"]
[Round "?"]
[White "Franke, R."]
[Black "Gabbara, Faris"]
[Result "1/2-1/2"]
[WhiteElo "1830"]
[BlackElo "2200"]
[PlyCount "28"]
[EventDate "1995.??.??"]

{3/(3)} 1. d4 c5 2. d5 Nf6 3. c4 e6 4. Nc3 exd5 5. cxd5 d6 6. e4 a6 7. a4 Be7
8. Nf3 Bg4 9. Be2 O-O 10. O-O Nbd7 11. h3 Bxf3 12. Bxf3 Re8 13. Re1 Bf8 14. g3
g6 {[Remainder illegible; 1/2-1/2, 39?]} 1/2-1/2

[Event "Eastpointe (MCO/5/18)"]
[Site "?"]
[Date "1995.??.??"]
[Round "?"]
[White "Franke, R."]
[Black "Cooper, A."]
[Result "1-0"]
[WhiteElo "1860"]
[BlackElo "1605"]
[PlyCount "53"]
[EventDate "1995.??.??"]

{5/(18)} 1. d4 Nf6 2. c4 c5 3. d5 b5 4. cxb5 a6 5. Nc3 d6 6. e4 Nbd7 7. bxa6
Qa5 8. Bd2 Bxa6 9. Bxa6 Qxa6 10. f4 g6 11. Nge2 Rb8 12. b3 Bg7 13. O-O O-O 14.
Rb1 e6 15. dxe6 fxe6 16. h3 Ne8 17. Be3 Nc7 18. Qd2 Nf6 19. Rbd1 Rfd8 20. Qc2
c4 21. f5 cxb3 22. axb3 d5 23. Bf4 Qc6 24. fxe6 Nxe4 25. Rc1 Qc5+ 26. Kh2 d4
27. Nxe4 1-0

[Event "Eastpointe (MCO/1/25)"]
[Site "?"]
[Date "1995.??.??"]
[Round "?"]
[White "Franke, R."]
[Black "Cannon, Gregory"]
[Result "1-0"]
[WhiteElo "1860"]
[BlackElo "1605"]
[PlyCount "25"]
[EventDate "1995.??.??"]

{1/(25)} 1. d4 Nf6 2. c4 d5 3. Nc3 c6 4. Nf3 g6 5. e3 Bg7 6. cxd5 Nxd5 7. e4
Nxc3 8. bxc3 c5 9. Bc4 Bg4 10. Bxf7+ Kxf7 11. Ng5+ Kg8 12. Qxg4 cxd4 13. Qe6+
1-0